000 00251nam a2200109Ia 4500
008 220204s9999 xx 000 0 und d
082 _a577.1(035)
_bLON
100 _aLong, C
245 0 _aBiochemist's handbook
260 _aLondon
_bE F N
942 _cBK
999 _c32846
_d32846